A Pilot Study of Transformational Leadership and College Counseling Outcomes (Record no. 347684)
[ view plain ]
| 000 -LEADER | |
|---|---|
| fixed length control field | 00563nam a2200133Ia 4500 |
| 008 - FIXED-LENGTH DATA ELEMENTS--GENERAL INFORMATION | |
| fixed length control field | 171207s9999 xx 000 0 und d |
| 100 ## - MAIN ENTRY--PERSONAL NAME | |
| Personal name | Jacob, Charles J. |
| 245 #2 - TITLE STATEMENT | |
| Title | A Pilot Study of Transformational Leadership and College Counseling Outcomes |
| 245 ## - TITLE STATEMENT | |
| Statement of responsibility, etc | Charles J. Jacob, Jessica Stoler & Gregory Roth |
| 260 ## - PUBLICATION, DISTRIBUTION, ETC. (IMPRINT) | |
| Date of publication, distribution, etc | 2017 |
| 300 ## - PHYSICAL DESCRIPTION | |
| Extent | pages 180-191, April-June 2017 |
| 440 ## - SERIES STATEMENT/ADDED ENTRY--TITLE | |
| Title | Journal of Creativity in Mental Health |
| Volume number/sequential designation | 12:2 |
| 650 ## - SUBJECT ADDED ENTRY--TOPICAL TERM | |
| Topical term or geographic name as entry element | College counselor training, counseling, counselor education, creativity in counseling, leadership, working alliance |
| Withdrawn status | Lost status | Damaged status | Home library | Current library | Date acquired | Total Checkouts | Date last seen | Price effective from | Koha item type |
|---|---|---|---|---|---|---|---|---|---|
| College Library | College Library | 12/07/2017 | 12/07/2017 | 12/07/2017 | Periodicals |